Origine donna : dal matrismo al patriarcato /
I tiakina i:
| Kaituhi matua: | |
|---|---|
| Hōputu: | Pukapuka |
| Reo: | Itāriana |
| I whakaputaina: |
Roma :
PE,
1997
|
| Putanga: | 2. ed |
| Rangatū: | Mosaico ;
1 |
| Ngā marau: | |
| Ngā Tūtohu: |
Kāore He Tūtohu, Me noho koe te mea tuatahi ki te tūtohu i tēnei pūkete!
|
MARC
| LEADER | 00000nam a22000007i 4500 | ||
|---|---|---|---|
| 001 | IT\ICCU\BVE\0138252 | ||
| 003 | ItRI | ||
| 005 | 20240625155909.0 | ||
| 008 | 980529s1997 it |||||| ||||| |||||c | ||
| 020 | |a 8880220330 | ||
| 040 | |b ita |c C | ||
| 041 | 7 | |a ita |2 ISO-639-2 | |
| 082 | |a 305.42 |2 14 | ||
| 100 | 1 | |a Morace, Sara |0 IT\ICCU\CFIV\125415 |4 aut | |
| 245 | 1 | 0 | |a Origine donna : |b dal matrismo al patriarcato / |c Sara Morace. |
| 250 | |a 2. ed | ||
| 260 | |a Roma : |b PE, |c 1997 | ||
| 300 | |a 117 p. ; |c 21 cm. | ||
| 650 | 7 | |a Femminismo | |
| 830 | 0 | |a Mosaico ; |v 1 |0 IT\ICCU\CFI\0255684 | |
| 942 | |2 ddc |c BK | ||
| 952 | |0 0 |1 0 |2 ddc |4 0 |6 305_820000000000000_MOR_ORI |7 1 |9 121 |a GE |b GE |d 2015-03-08 |l 0 |o 305.82 MOR ORI |p 2321 |r 2023-11-06 11:16:24 |w 2023-11-06 |x Donazione Chiara Fanti |y BK | ||
| 981 | 1 | |6 z01 |a i |b xxxe | |
| 982 | 1 | |6 z01 |a n | |
| 999 | |c 1318 |d 1318 | ||